Interaktívny vzdelávací obsah - Štruktúrovaná analýza diplomová práca

Gespeichert in:
Bibliographische Detailangaben
1. Verfasser: Čekaňák, Tomáš
Körperschaft: Fakulta hospodárskej informatiky EU. Katedra aplikovanej informatiky
Weitere Verfasser: Mišút, Martin, 1962-
Format: Buch
Sprache:Slowakisch
Veröffentlicht: Bratislava 2016
Tags: Tag hinzufügen
Keine Tags, Fügen Sie das erste Tag hinzu!

MARC

LEADER 00000nbm a2200000 4500
001 0219038
005 20170306132818.0
041 0 |a slo 
044 |a SK 
245 1 0 |a Interaktívny vzdelávací obsah - Štruktúrovaná analýza  |b diplomová práca  |c Tomáš Čekaňák ; školiteľ: Martin Mišút 
264 1 |a Bratislava  |c 2016 
300 |a 69 s. 
100 1 |a Čekaňák, Tomáš 
700 1 |a Mišút, Martin, 1962- 
710 2 |a Fakulta hospodárskej informatiky EU. Katedra aplikovanej informatiky